[Event "II. Budapest Open"]
[Site ", "]
[Date "2012.08.19"]
[Round "2"]
[White "Indig, Akos"]
[Black "Szalai, Krisztian"]
[Result "1-0"]
[WhiteElo "1349"]
[BlackElo "1710"]
[PlyCount "57"]
[EventDate "2012.??.??"]

1. e4 d6 2. Nf3 Nf6 3. Nc3 g6 4. d4 Bg7 5. Be2 O-O 6. Bg5 Re8 7. Qd2 Nbd7 8.
O-O-O c5 9. d5 a6 10. Bh6 Bh8 11. h4 Ng4 12. Rdf1 Nxh6 13. Qxh6 Bg7 14. Qg5 h6
15. Qg3 Nf6 16. Nd2 h5 17. f4 b5 18. f5 Kh7 19. fxg6+ fxg6 20. Nf3 b4 21. Nd1
Nxe4 22. Ng5+ Nxg5 23. Qxg5 Rf8 24. Bd3 Qe8 25. Qxh5+ Bh6+ 26. Kb1 Rxf1 27.
Rxf1 Kg7 28. Qf3 Bd7 29. g4 1-0

[Event "II. Budapest Open"]
[Site ", "]
[Date "2012.08.19"]
[Round "2"]
[White "Dal Bianco, Nicola"]
[Black "Bella, Zsolt"]
[Result "1-0"]
[WhiteElo "1705"]
[BlackElo "1369"]
[PlyCount "67"]
[EventDate "2012.??.??"]

1. c4 g6 2. d4 Bg7 3. e4 d6 4. Nf3 Nf6 5. Nc3 O-O 6. Be2 Nc6 7. O-O e5 8. dxe5
Nxe5 9. Nxe5 dxe5 10. Bg5 c6 11. Qc2 Be6 12. Rad1 Qc7 13. Rd2 Ng4 14. h3 Nh6
15. Rfd1 Qb6 16. Rd6 Qc7 17. Qd2 Rfe8 18. Bxh6 Bf6 19. Bg5 Kg7 20. Bxf6+ Kxf6
21. Qh6 b6 22. h4 Rg8 23. Qg5+ Kg7 24. Qxe5+ Kh6 25. Rxe6 Qxe5 26. Rxe5 Rgc8
27. Rd7 Kg7 28. Ree7 Rf8 29. e5 Rae8 30. Rxa7 Rxe7 31. Rxe7 h5 32. Ne4 Rd8 33.
Nd6 Rf8 34. Rb7 1-0

[Event "II. Budapest Open"]
[Site ", "]
[Date "2012.08.20"]
[Round "3"]
[White "To, Nhat Minh"]
[Black "Gubics, Peter"]
[Result "1-0"]
[WhiteElo "2287"]
[BlackElo "2149"]
[PlyCount "81"]
[EventDate "2012.??.??"]

1. e4 e6 2. d4 d5 3. Nc3 Nf6 4. e5 Nfd7 5. f4 c5 6. Nf3 Nc6 7. Be3 Be7 8. Qd2
O-O 9. Be2 cxd4 10. Nxd4 Nxd4 11. Bxd4 f6 12. exf6 Bxf6 13. O-O-O Nb6 14. Kb1
Bd7 15. g3 Rc8 16. Rhe1 Bxd4 17. Qxd4 Qf6 18. Bf1 Qxd4 19. Rxd4 Rf6 20. Nd1 Be8
21. Ne3 Bg6 22. b3 Be4 23. Bd3 Bxd3 24. Rxd3 h5 25. Kb2 Rc7 26. Re2 Kf7 27. a4
a5 28. Rd1 Kg6 29. Ng2 Rc6 30. Nh4+ Kf7 31. Nf3 Nd7 32. c4 Rf5 33. Nd4 Rf6 34.
f5 e5 35. Nxc6 bxc6 36. cxd5 c5 37. Rf2 e4 38. d6 e3 39. Re2 Rxf5 40. Rxe3 Rf2+
41. Kc3 1-0

[Event "II. Budapest Open"]
[Site ", "]
[Date "2012.08.20"]
[Round "3"]
[White "Szepes, Tamas"]
[Black "Farkas, Richard"]
[Result "1/2-1/2"]
[WhiteElo "2227"]
[BlackElo "2116"]
[PlyCount "35"]
[EventDate "2012.??.??"]

1. d4 d5 2. c4 dxc4 3. Nf3 a6 4. a4 Nc6 5. e3 e5 6. Nxe5 Nxe5 7. dxe5 Qxd1+ 8.
Kxd1 Be6 9. Nd2 Rd8 10. Kc2 b5 11. axb5 axb5 12. Ra7 c6 13. Rc7 Ne7 14. e4 Rc8
15. Rxc8+ Bxc8 16. f4 c5 17. Nf3 Bb7 18. b3 1/2-1/2

[Event "II. Budapest Open"]
[Site ", "]
[Date "2012.08.20"]
[Round "3"]
[White "Nagy, Aron"]
[Black "Jacso, Adam"]
[Result "1/2-1/2"]
[WhiteElo "2091"]
[BlackElo "2224"]
[PlyCount "40"]
[EventDate "2012.??.??"]

1. d4 Nf6 2. Nf3 g6 3. Bf4 c5 4. e3 Bg7 5. Be2 Qb6 6. Nbd2 d5 7. O-O Nc6 8. c3
O-O 9. Qb3 Bf5 10. Ne5 Qxb3 11. axb3 Nxe5 12. Bxe5 cxd4 13. exd4 Bh6 14. Nf3
Ne4 15. h3 f6 16. Bh2 a6 17. b4 Bd7 18. Ra5 Bc6 19. Rfa1 Rac8 20. b5 axb5
1/2-1/2

[Event "II. Budapest Open"]
[Site ", "]
[Date "2012.08.20"]
[Round "3"]
[White "Kanarkiewicz, Michal"]
[Black "Carvajal Gorgona, Jonathan"]
[Result "1/2-1/2"]
[WhiteElo "2076"]
[BlackElo "2153"]
[PlyCount "87"]
[EventDate "2012.??.??"]

1. e4 e6 2. d4 d5 3. Nc3 Bb4 4. e5 c5 5. a3 Bxc3+ 6. bxc3 Ne7 7. Qg4 Qc7 8.
Qxg7 Rg8 9. Qxh7 cxd4 10. Ne2 Nbc6 11. f4 dxc3 12. Qd3 Bd7 13. Be3 Nf5 14. Bf2
O-O-O 15. Qxc3 Kb8 16. O-O-O Rc8 17. g4 Nfe7 18. Rg1 d4 19. Nxd4 Nd5 20. Qc5 b6
21. Qd6 Qxd6 22. exd6 Nxf4 23. Nxc6+ Bxc6 24. Bg3 e5 25. Ba6 Rcd8 26. Rge1 f6
27. Bxf4 exf4 28. Re6 Rxg4 29. Rxf6 f3 30. d7 Kc7 31. Rd3 Ra4 32. Bc8 Bxd7 33.
Bxd7 Rxd7 34. Rxd7+ Kxd7 35. Rxf3 Kc6 36. Rh3 Rg4 37. Rh5 b5 38. Kb2 Kb6 39.
Rh6+ Ka5 40. h4 Rg3 41. h5 Rh3 42. Rh8 a6 43. h6 Ka4 44. h7 1/2-1/2

[Event "II. Budapest Open"]
[Site ", "]
[Date "2012.08.20"]
[Round "3"]
[White "Resika, Nathan A"]
[Black "Antal, Attila Dr"]
[Result "1-0"]
[WhiteElo "2149"]
[BlackElo "2062"]
[PlyCount "63"]
[EventDate "2012.??.??"]

1. Nf3 d5 2. g3 c6 3. Bg2 Nf6 4. c4 dxc4 5. O-O e6 6. a4 Be7 7. Na3 Bxa3 8.
Rxa3 Nd5 9. Ne5 b5 10. axb5 cxb5 11. d3 Nd7 12. dxc4 Nxe5 13. cxd5 Bb7 14. dxe6
Bxg2 15. exf7+ Kxf7 16. Kxg2 Qxd1 17. Rxd1 Rhe8 18. Re3 Nc4 19. Rd7+ Kg6 20.
Rxe8 Rxe8 21. b3 Nb6 22. Rxa7 Nd5 23. e3 Rc8 24. Bb2 Nxe3+ 25. Kf3 Nd1 26.
Rxg7+ Kh6 27. Bd4 Rf8+ 28. Ke2 Nxf2 29. Rd7 Rc8 30. Bxf2 Rc2+ 31. Rd2 Rc3 32.
b4 1-0

[Event "II. Budapest Open"]
[Site ", "]
[Date "2012.08.20"]
[Round "3"]
[White "Yip, Michael"]
[Black "Orosz, Andras"]
[Result "1/2-1/2"]
[WhiteElo "2072"]
[BlackElo "1948"]
[PlyCount "30"]
[EventDate "2012.??.??"]

1. c4 Nf6 2. Nc3 e6 3. d4 d5 4. Bg5 Be7 5. e3 O-O 6. Nf3 b6 7. cxd5 Nxd5 8.
Bxe7 Qxe7 9. Nxd5 exd5 10. Be2 Be6 11. O-O c5 12. dxc5 bxc5 13. Qa4 Nd7 14. Qa5
Qd8 15. Qxd8 Rfxd8 1/2-1/2

[Event "II. Budapest Open"]
[Site ", "]
[Date "2012.08.20"]
[Round "3"]
[White "Takacs, Kevin"]
[Black "Koczo, Kristof"]
[Result "1-0"]
[WhiteElo "1909"]
[BlackElo "2233"]
[PlyCount "125"]
[EventDate "2012.??.??"]

1. Nf3 d5 2. c4 e6 3. e3 Nf6 4. d4 dxc4 5. Bxc4 c5 6. O-O a6 7. dxc5 Bxc5 8.
Qxd8+ Kxd8 9. Rd1+ Ke7 10. b3 b5 11. Be2 Bb7 12. Nd4 Nbd7 13. Bb2 Rac8 14. a4
b4 15. Nd2 Bxd4 16. Bxd4 e5 17. Bb2 Rc2 18. Rab1 Be4 19. Nxe4 Rxe2 20. Ng3 Rc2
21. Nf5+ Kd8 22. Bxe5 Ne4 23. Rb2 Rc5 24. Nd6 Rxe5 25. Nxf7+ Ke8 26. Nxe5 Nxe5
27. Rd4 Nc5 28. Rc2 Ned7 29. Rxd7 Kxd7 30. Rxc5 Kd6 31. Rc4 a5 32. Kf1 Rf8 33.
Ke2 Rf5 34. Rd4+ Ke6 35. Rc4 Kd6 36. f4 Rh5 37. h3 Rh6 38. Kf3 Re6 39. Rc8 Re7
40. e4 Rb7 41. e5+ Kd5 42. Rd8+ Ke6 43. Ke4 Rc7 44. f5+ Ke7 45. Rd3 Rc2 46. g4
Rc1 47. Kd5 Rc3 48. Ke4 Rc1 49. g5 Re1+ 50. Kd5 Rf1 51. f6+ gxf6 52. gxf6+ Kf7
53. Ke4 Re1+ 54. Re3 Rd1 55. Kf4 Ke6 56. Rf3 Re1 57. Kg4 Kf7 58. Kf5 Re2 59.
Rg3 Rf2+ 60. Ke4 Ke6 61. Rf3 Re2+ 62. Kd3 Rxe5 63. f7 1-0

[Event "II. Budapest Open"]
[Site ", "]
[Date "2012.08.20"]
[Round "3"]
[White "Bodrogi, Laszlo"]
[Black "Berta, Sandor"]
[Result "0-1"]
[WhiteElo "2043"]
[BlackElo "1891"]
[PlyCount "70"]
[EventDate "2012.??.??"]

1. d4 d5 2. c4 dxc4 3. Nf3 a6 4. e3 b5 5. a4 Bb7 6. b3 e6 7. bxc4 b4 8. a5 c5
9. Nbd2 Nf6 10. Bd3 Nbd7 11. O-O Qc7 12. Qc2 Be7 13. Bb2 h6 14. Rfd1 O-O 15.
Nb3 Rac8 16. e4 cxd4 17. Bxd4 e5 18. Bb2 Nh5 19. Rac1 Nf4 20. Bf1 Ne6 21. c5
Rfd8 22. c6 Qb8 23. Qb1 Rxc6 24. Rxc6 Bxc6 25. Qa1 Bxe4 26. Nxe5 Ndc5 27. Nxc5
Bxc5 28. Rxd8+ Qxd8 29. Bxa6 Qd2 30. Ng4 Qg5 31. h3 h5 32. Bf6 Qg6 33. Bxg7
hxg4 34. Be5 gxh3 35. g3 h2+ 0-1

[Event "II. Budapest Open"]
[Site ", "]
[Date "2012.08.20"]
[Round "3"]
[White "Heyl, Thomas"]
[Black "Mihaly, Zoltan"]
[Result "1/2-1/2"]
[WhiteElo "2009"]
[BlackElo "1756"]
[PlyCount "135"]
[EventDate "2012.??.??"]

1. d4 d5 2. Nf3 g6 3. c4 c6 4. e3 Bg7 5. Nbd2 Nf6 6. Be2 O-O 7. b3 c5 8. Bb2
cxd4 9. exd4 Nc6 10. O-O Bf5 11. a3 Re8 12. c5 a5 13. Bb5 Bg4 14. h3 Bd7 15.
Re1 Qc7 16. Bxc6 Bxc6 17. Ne5 Bb5 18. a4 Ba6 19. Rc1 Bh6 20. Rc2 Rac8 21. Bc1
Nd7 22. Ndf3 Bg7 23. Bf4 Nxe5 24. Bxe5 Qd7 25. Bxg7 Kxg7 26. Ne5 Qc7 27. Qd2 f6
28. Ng4 g5 29. Rc3 b6 30. Rec1 h5 31. Ne3 Bb7 32. cxb6 Qxb6 33. Rxc8 Rxc8 34.
Rxc8 Bxc8 35. Qc3 Bb7 36. Nf5+ Kf7 37. Qe3 Qc7 38. h4 Bc8 39. Ng3 gxh4 40. Nxh5
e5 41. Qh6 Qe7 42. Qg7+ Ke6 43. Qg4+ f5 44. Qg6+ Kd7 45. Nf6+ Kd6 46. Ng4+ Qe6
47. Nxe5 Qxg6 48. Nxg6 Ba6 49. Nxh4 Bd3 50. Nf3 Ke6 51. Kh2 f4 52. g4 fxg3+ 53.
Kxg3 Kf5 54. Nd2 Bc2 55. Kf3 Bd1+ 56. Ke3 Bc2 57. Ke2 Kf4 58. Ke1 Kf5 59. Kf1
Kf4 60. Kg1 Bg6 61. Kh2 Bc2 62. Kg2 Bd1 63. Kf1 Bc2 64. Ke2 Kf5 65. Kf3 Bd1+
66. Ke3 Kg5 67. Nf3+ Kf5 68. Ne5 1/2-1/2

[Event "II. Budapest Open"]
[Site ", "]
[Date "2012.08.20"]
[Round "3"]
[White "Zoldy, Robert"]
[Black "Toth, Sarolta"]
[Result "1/2-1/2"]
[WhiteElo "1990"]
[BlackElo "2192"]
[PlyCount "35"]
[EventDate "2012.??.??"]

1. e4 e5 2. Nf3 Nc6 3. Bb5 Nf6 4. O-O Nxe4 5. d4 Nd6 6. dxe5 Nxb5 7. a4 Nbd4 8.
Nxd4 Nxd4 9. Qxd4 d5 10. exd6 Qxd6 11. Qe3+ Be6 12. Nc3 a6 13. Rd1 Qc5 14. Qe2
Be7 15. Ne4 Qf5 16. Ng3 Qg6 17. Bf4 O-O 18. Qe4 1/2-1/2

[Event "II. Budapest Open"]
[Site ", "]
[Date "2012.08.20"]
[Round "3"]
[White "Halak, Miklos"]
[Black "Furedi, Erik"]
[Result "1/2-1/2"]
[WhiteElo "2137"]
[BlackElo "1732"]
[PlyCount "84"]
[EventDate "2012.??.??"]

1. e4 e5 2. Nf3 Nc6 3. Bc4 Be7 4. d4 exd4 5. Nxd4 Nf6 6. Nc3 O-O 7. O-O d6 8.
Bf4 Re8 9. Nxc6 bxc6 10. Qf3 Be6 11. Bb3 Bxb3 12. axb3 Nd7 13. Ra5 Bf6 14. Be3
Nb6 15. Rfa1 Qb8 16. g3 Qb7 17. h4 c5 18. h5 h6 19. Qg4 Bxc3 20. bxc3 Qxe4 21.
Bf4 f5 22. Qd1 Nd5 23. R5a4 Qe6 24. Qf3 Nxf4 25. Rxf4 Rf8 26. Qb7 Qe5 27. Rxa7
Rxa7 28. Qxa7 Qxc3 29. Qxc7 Qxc2 30. Qxd6 Qxb3 31. Qxc5 Qd1+ 32. Kg2 Qxh5 33.
Ra4 Qe8 34. Qd5+ Kh7 35. Rf4 Qf7 36. Qe5 Qf6 37. Qc5 Rf7 38. Ra4 Qe7 39. Qd4
Qf6 40. Qc5 Qe7 41. Qd4 Qf6 42. Qc5 Qe7 1/2-1/2

[Event "II. Budapest Open"]
[Site ", "]
[Date "2012.08.20"]
[Round "3"]
[White "Papp, Andrea"]
[Black "Palla, Akos Botond"]
[Result "1/2-1/2"]
[WhiteElo "1621"]
[BlackElo "2014"]
[PlyCount "47"]
[EventDate "2012.??.??"]

1. e4 c5 2. Nf3 d6 3. b3 Nc6 4. Bb5 e5 5. Bb2 Nge7 6. d3 g6 7. O-O Bg7 8. Nbd2
O-O 9. Rb1 Nd4 10. Bc4 b5 11. Nxd4 bxc4 12. Ne2 cxd3 13. cxd3 Nc6 14. Nc4 Nd4
15. Qd2 d5 16. Nxd4 exd4 17. exd5 Qxd5 18. Rbe1 Bb7 19. f3 Bf6 20. Qf4 Kg7 21.
Ne3 Qg5 22. Qxg5 Bxg5 23. Nc4 Rac8 24. Nd6 1/2-1/2

[Event "II. Budapest Open"]
[Site ", "]
[Date "2012.08.20"]
[Round "3"]
[White "Kanalas, Mihaly"]
[Black "Ruck, Robert"]
[Result "0-1"]
[WhiteElo "1668"]
[BlackElo "2009"]
[PlyCount "70"]
[EventDate "2012.??.??"]

1. e4 c5 2. Nf3 e6 3. d4 cxd4 4. Nxd4 a6 5. Be3 Nf6 6. e5 Qa5+ 7. c3 Qxe5 8.
Nd2 d5 9. Be2 Qc7 10. O-O Bd6 11. f4 O-O 12. Rc1 Nc6 13. c4 Nxd4 14. Bxd4 Bc5
15. Nf3 Qb6 16. cxd5 Bxd4+ 17. Nxd4 Nxd5 18. Qd2 Rd8 19. Rc4 Bd7 20. Kh1 Bc6
21. Nxc6 bxc6 22. Rd4 c5 23. Rd3 c4 24. Rd4 Ne3 25. Qxe3 Qxd4 26. Qf3 Rac8 27.
f5 Qd5 28. Qg4 exf5 29. Rxf5 Qe6 30. Qf3 g6 31. Rf4 Rd2 32. Re4 Qf5 33. Qe3
Rxb2 34. a3 Qd5 35. Rd4 Rxe2 0-1

[Event "II. Budapest Open"]
[Site ", "]
[Date "2012.08.20"]
[Round "3"]
[White "Romhanyi, Mihaly"]
[Black "Kumala, Aleksander"]
[Result "0-1"]
[WhiteElo "1455"]
[BlackElo "1963"]
[PlyCount "30"]
[EventDate "2012.??.??"]

1. e4 e5 2. d4 exd4 3. Qxd4 Nc6 4. Qe3 Nf6 5. Nc3 Bb4 6. Bd2 O-O 7. O-O-O Re8
8. Bc4 Bxc3 9. bxc3 Rxe4 10. Qf3 Ne5 11. Bxf7+ Kxf7 12. Qg3 Nc4 13. Nf3 Qe7 14.
Ng5+ Kg8 15. Nxe4 Qa3+ 0-1

[Event "II. Budapest Open"]
[Site ", "]
[Date "2012.08.20"]
[Round "3"]
[White "Kozma, Gabor"]
[Black "Szlenka, Attila"]
[Result "1/2-1/2"]
[WhiteElo "1959"]
[BlackElo "1736"]
[PlyCount "123"]
[EventDate "2012.??.??"]

1. e4 g6 2. d4 Bg7 3. Nc3 d6 4. f3 c5 5. Be3 Qa5 6. Bc4 Nc6 7. Nge2 cxd4 8.
Nxd4 Nf6 9. O-O O-O 10. Qe2 Bd7 11. Rad1 Rfd8 12. h3 Nh5 13. Qf2 Qb4 14. Bb3
Qa5 15. f4 Nxd4 16. Bxd4 Bxd4 17. Rxd4 Be6 18. Nd5 Bxd5 19. Rxd5 Qb6 20. Qxb6
axb6 21. Rb5 Ra6 22. Rf3 Nf6 23. Re3 Nd7 24. e5 dxe5 25. fxe5 e6 26. Rd3 Kf8
27. Bc4 Ke7 28. Kf2 Ra5 29. Rxa5 bxa5 30. Rb3 Rb8 31. Rb5 b6 32. Ke3 Rc8 33.
Bd3 Rc5 34. Rxc5 bxc5 35. Kf4 h6 36. h4 g5+ 37. hxg5 hxg5+ 38. Kxg5 Nxe5 39.
Bb5 f6+ 40. Kf4 Kd6 41. c3 Kd5 42. b3 Nf7 43. Bc4+ Kd6 44. Be2 Kd5 45. Bf3+ Kd6
46. Ke3 Ng5 47. Ba8 e5 48. g4 Nf7 49. Kd3 Ng5 50. Bg2 Ne6 51. Kc4 Ng5 52. a4 e4
53. b4 cxb4 54. cxb4 axb4 55. Kxb4 Ke5 56. a5 Ne6 57. a6 e3 58. Bf1 Nc7 59. Kc5
Nxa6+ 60. Bxa6 Kf4 61. Be2 f5 62. gxf5 1/2-1/2

[Event "II. Budapest Open"]
[Site ", "]
[Date "2012.08.20"]
[Round "3"]
[White "Bellan, Istvan"]
[Black "Schatzer, Andras"]
[Result "1-0"]
[WhiteElo "1938"]
[BlackElo "1729"]
[PlyCount "71"]
[EventDate "2012.??.??"]

1. e4 c5 2. Nf3 Nc6 3. d4 cxd4 4. Nxd4 g6 5. Nc3 Bg7 6. Be3 Nf6 7. Bc4 Qa5 8.
f3 Qb4 9. Bb5 Nxe4 10. a3 Qxb2 11. Na4 Nc3 12. Nxb2 Nxd1 13. Rxd1 O-O 14. c3 a6
15. Be2 e5 16. Nxc6 bxc6 17. Na4 d5 18. Bc5 Re8 19. Kf2 e4 20. Rb1 Bf5 21. Rb6
a5 22. f4 e3+ 23. Bxe3 Re4 24. Nc5 Re7 25. Bd4 Rae8 26. Ba6 Bh6 27. g3 Bf8 28.
a4 Re3 29. Nb3 R3e6 30. Bc5 Bg4 31. Bxf8 Re2+ 32. Bxe2 Rxe2+ 33. Kf1 Rb2 34.
Rb8 Rb1+ 35. Kf2 Rb2+ 36. Ke3 1-0

[Event "II. Budapest Open"]
[Site ", "]
[Date "2012.08.20"]
[Round "3"]
[White "Terbe, Julianna"]
[Black "Dal Bianco, Nicola"]
[Result "1-0"]
[WhiteElo "1895"]
[BlackElo "1705"]
[PlyCount "65"]
[EventDate "2012.??.??"]

1. Nf3 Nf6 2. g3 e6 3. Bg2 d5 4. b3 Bd6 5. Bb2 O-O 6. O-O Nbd7 7. d4 c5 8. Nc3
a6 9. a4 Qc7 10. Re1 cxd4 11. Nxd4 Bb4 12. Qd3 Nc5 13. Qe3 e5 14. Nf3 d4 15.
Nxd4 exd4 16. Qxd4 Be6 17. Qxb4 Rad8 18. a5 Rd7 19. Red1 Rfd8 20. Rxd7 Rxd7 21.
Ba3 Qc8 22. Qxc5 Rc7 23. Qb4 Rxc3 24. Bxb7 Nd5 25. Bxc8 Nxb4 26. Bxe6 fxe6 27.
Bxb4 Rxc2 28. e3 Rb2 29. Rd1 Rxb3 30. Be1 Rb8 31. Rd6 Ra8 32. Rxe6 Kf7 33. Rb6
1-0

[Event "II. Budapest Open"]
[Site ", "]
[Date "2012.08.20"]
[Round "3"]
[White "Toth-Katona, Tamas"]
[Black "Shan, He Jia Rita"]
[Result "0-1"]
[WhiteElo "1859"]
[BlackElo "1642"]
[PlyCount "86"]
[EventDate "2012.??.??"]

1. e4 e6 2. d4 d5 3. Nd2 Nc6 4. Ngf3 Nf6 5. e5 Nd7 6. b3 f6 7. Bb2 Bb4 8. Bd3
O-O 9. O-O fxe5 10. dxe5 b6 11. a3 Be7 12. Re1 Nc5 13. Bb5 Bd7 14. b4 Nb7 15.
Bd3 a6 16. Nb3 Be8 17. Nbd4 Qd7 18. Nb3 Bh5 19. Be2 b5 20. Qd2 Ncd8 21. Bd4 Rc8
22. Qe3 Nc6 23. c3 Nxd4 24. cxd4 Bxf3 25. Bxf3 Bh4 26. Rec1 Rf5 27. Qe2 Rcf8
28. Rc3 Rc8 29. Rac1 Bg5 30. R1c2 c6 31. Qd1 Rff8 32. Qa1 Rc7 33. Qd1 Ra8 34.
Be2 Rcc8 35. Bd3 Bh6 36. Qe1 a5 37. bxa5 Nxa5 38. Nxa5 Rxa5 39. Rxc6 Rxc6 40.
Rxc6 Rxa3 41. Rc5 Rxd3 42. Qb1 Rxd4 43. Rxb5 Qxb5 0-1

[Event "II. Budapest Open"]
[Site ", "]
[Date "2012.08.20"]
[Round "3"]
[White "Balla, Attila"]
[Black "Indig, Akos"]
[Result "1-0"]
[WhiteElo "1749"]
[BlackElo "1349"]
[PlyCount "61"]
[EventDate "2012.??.??"]

1. d4 d5 2. c4 e6 3. Nf3 c5 4. cxd5 exd5 5. g3 Nf6 6. Bg2 Nc6 7. O-O Be6 8. Nc3
Be7 9. Bg5 b6 10. a3 O-O 11. Ne5 Nxd4 12. e3 Nf5 13. Nc6 Qc7 14. Bxf6 Qxc6 15.
e4 Bxf6 16. exd5 Qe8 17. dxe6 Rd8 18. exf7+ Qxf7 19. Bd5 Rxd5 20. Qxd5 Qxd5 21.
Nxd5 Bxb2 22. Ra2 Bd4 23. Re1 Rd8 24. Ne7+ Nxe7 25. Rxe7 a5 26. Rae2 Kf8 27.
Rb7 c4 28. Rc2 c3 29. Kg2 Kg8 30. f4 h6 31. Kf3 1-0

[Event "II. Budapest Open"]
[Site ", "]
[Date "2012.08.20"]
[Round "3"]
[White "Zsatkovics, Endre"]
[Black "Karacsonyi, Kata"]
[Result "1-0"]
[WhiteElo "1740"]
[BlackElo "1238"]
[PlyCount "75"]
[EventDate "2012.??.??"]

1. e4 e5 2. Nf3 Nc6 3. Bb5 Nf6 4. O-O Nxe4 5. Re1 d5 6. d3 Nd6 7. Nxe5 Qf6 8.
Ng4+ Qe7 9. Rxe7+ Bxe7 10. Bxc6+ bxc6 11. Nc3 O-O 12. Ne5 Re8 13. Nxc6 Bf6 14.
Nxd5 Nb5 15. a4 Re6 16. Nxf6+ Rxf6 17. axb5 Bb7 18. Bg5 Re6 19. Nd8 Rg6 20.
Nxb7 Rxg5 21. c4 Re8 22. Qd2 Rge5 23. Kf1 f5 24. Na5 f4 25. Nc6 R5e6 26. Rxa7
Rc8 27. d4 g5 28. d5 Rh6 29. Ne7+ Kf7 30. Nxc8 Rxh2 31. Rxc7+ Kg6 32. Qd3+ Kf6
33. Rc6+ Kg7 34. Qd4+ Kg8 35. Ne7+ Kf8 36. Qf6+ Ke8 37. Rc8+ Kd7 38. Qe6# 1-0

[Event "II. Budapest Open"]
[Site ", "]
[Date "2012.08.20"]
[Round "3"]
[White "Devald, Peter"]
[Black "Di Giovanni, Vilmos"]
[Result "0-1"]
[WhiteElo "1563"]
[BlackElo "1838"]
[PlyCount "66"]
[EventDate "2012.??.??"]

1. e4 d5 2. exd5 Nf6 3. c4 e6 4. dxe6 Bxe6 5. d4 Bb4+ 6. Nc3 Qe7 7. Be3 Nc6 8.
Be2 O-O-O 9. Nf3 Ng4 10. O-O Rhe8 11. a3 Bxc3 12. bxc3 Nxe3 13. fxe3 Bg4 14.
Qb3 Qxe3+ 15. Rf2 Na5 16. Qb4 b6 17. c5 Nc6 18. Ba6+ Kb8 19. Qb5 Bxf3 20. gxf3
Na5 21. Qd3 Qg5+ 22. Rg2 Qh6 23. Rb1 Re3 24. Qb5 Rxc3 25. Qxa5 Rc1+ 26. Bf1
Rxb1 27. cxb6 Qe3+ 28. Rf2 axb6 29. Qa6 Rb2 30. Be2 Rd6 31. Qd3 Rg6+ 32. Kf1
Rxe2 33. Qxe2 Qc1+ 0-1

[Event "II. Budapest Open"]
[Site ", "]
[Date "2012.08.20"]
[Round "3"]
[White "Czegledi, Barna Jr"]
[Black "Novak, Levente Peter"]
[Result "1-0"]
[WhiteElo "1799"]
[BlackElo "1563"]
[PlyCount "59"]
[EventDate "2012.??.??"]

1. e4 e5 2. Nf3 Nc6 3. Bb5 Nf6 4. d3 Bc5 5. c3 d6 6. h3 O-O 7. Nbd2 d5 8. Qe2
Qe7 9. g4 h6 10. Nf1 dxe4 11. dxe4 Nh7 12. Ng3 Bd7 13. O-O a6 14. Bd3 Rad8 15.
Kh2 Rfe8 16. Rg1 Be6 17. Nh5 f6 18. Ng3 Qd7 19. Bc2 Qf7 20. b3 Rf8 21. Nf5 Ng5
22. h4 Nxf3+ 23. Qxf3 Bxf5 24. gxf5 Kh8 25. b4 Ba7 26. Bb3 Qe8 27. Rg6 Qe7 28.
Qh5 Qe8 29. Rxh6+ gxh6 30. Qxh6# 1-0

[Event "II. Budapest Open"]
[Site ", "]
[Date "2012.08.20"]
[Round "3"]
[White "Szurkos, Andras"]
[Black "Szonyi, Bence"]
[Result "1-0"]
[WhiteElo "1783"]
[BlackElo "1614"]
[PlyCount "43"]
[EventDate "2012.??.??"]

1. e4 c5 2. Nf3 e6 3. c3 d5 4. exd5 Qxd5 5. Bb5+ Bd7 6. Bxd7+ Qxd7 7. O-O Nc6
8. d4 O-O-O 9. Be3 cxd4 10. cxd4 Nf6 11. Nc3 Bb4 12. a3 Ba5 13. b4 Bb6 14. Na4
Bxd4 15. Nxd4 Nxd4 16. Nc5 Qd5 17. Qa4 Nf3+ 18. gxf3 Qxf3 19. Rfc1 Qg4+ 20. Kf1
Qh3+ 21. Ke1 Kb8 22. Nd7+ 1-0

[Event "II. Budapest Open"]
[Site ", "]
[Date "2012.08.20"]
[Round "3"]
[White "Gorog, Almos"]
[Black "Terbe, Zsuzsanna"]
[Result "0-1"]
[WhiteElo "1435"]
[BlackElo "1748"]
[PlyCount "62"]
[EventDate "2012.??.??"]

1. c4 Nf6 2. g3 c5 3. Bg2 g6 4. Nc3 Bg7 5. Nf3 Nc6 6. O-O O-O 7. d4 d6 8. dxc5
dxc5 9. Be3 Nd7 10. Ng5 Rb8 11. Rb1 Nce5 12. Bf4 b6 13. Bxe5 Nxe5 14. Qxd8 Rxd8
15. Nd5 h6 16. Nf3 Kf8 17. b3 Bb7 18. Nxe5 Bxe5 19. Rbd1 Ke8 20. f4 Bd4+ 21.
Kh1 Rd7 22. e3 Bg7 23. e4 Bd4 24. e5 b5 25. h4 bxc4 26. bxc4 Ba6 27. Bh3 Rdb7
28. Rc1 Kd8 29. e6 f6 30. f5 g5 31. Rfd1 Rb2 0-1

[Event "II. Budapest Open"]
[Site ", "]
[Date "2012.08.20"]
[Round "3"]
[White "B. Kiss, Tamas"]
[Black "Zahonyi Abel, Mark"]
[Result "1/2-1/2"]
[WhiteElo "1526"]
[BlackElo "1815"]
[PlyCount "91"]
[EventDate "2012.??.??"]

1. d4 Nf6 2. c4 e5 3. e3 exd4 4. exd4 d5 5. Nc3 h6 6. Nf3 Be7 7. Be2 O-O 8. O-O
c6 9. Bf4 Be6 10. c5 Nbd7 11. b4 Ne4 12. Qe1 f5 13. Ne5 Nxe5 14. Bxe5 Bf6 15.
Bxf6 Qxf6 16. Rd1 Qg6 17. f3 Nxc3 18. Qxc3 f4 19. Bd3 Bf5 20. Bxf5 Qxf5 21.
Rfe1 Rfe8 22. Re5 Rxe5 23. dxe5 Re8 24. Re1 Re6 25. a4 h5 26. b5 h4 27. h3 Qf8
28. bxc6 Rxc6 29. Rc1 b6 30. Qe1 Rxc5 31. Rd1 Qe7 32. Rd4 g5 33. e6 Kg7 34. Rd2
Kf6 35. Re2 Rc4 36. Qa1+ Kg6 37. Qh8 Qc5+ 38. Kh2 Qc8 39. Qe5 Rc2 40. e7 Rxe2
41. Qxe2 Qe8 42. Qe6+ Kg7 43. Qe5+ Kg6 44. Qe6+ Kg7 45. Qe5+ Kg6 46. Qe6+
1/2-1/2

[Event "II. Budapest Open"]
[Site ", "]
[Date "2012.08.20"]
[Round "3"]
[White "Devald, Tamas"]
[Black "Czimer, Jozsef"]
[Result "0-1"]
[WhiteElo "1422"]
[BlackElo "1791"]
[PlyCount "141"]
[EventDate "2012.??.??"]

1. e4 c5 2. Nf3 e6 3. d4 cxd4 4. Nxd4 Nf6 5. Nc3 a6 6. Bg5 Qa5 7. Bxf6 gxf6 8.
Nb3 Qc7 9. a3 Nc6 10. Be2 Bd6 11. h3 Be5 12. Qd3 b5 13. O-O-O Bf4+ 14. Kb1 Qb6
15. Rhf1 Ne5 16. Qd4 Qxd4 17. Nxd4 Nc4 18. Bxc4 bxc4 19. Ka1 Rb8 20. Nce2 Bc7
21. c3 Bb7 22. f3 Rg8 23. g4 h5 24. Rg1 hxg4 25. hxg4 Ke7 26. Rh1 Rh8 27. Rh5
Rxh5 28. gxh5 Rh8 29. Rh1 Rh6 30. Rh4 Kf8 31. Ka2 d5 32. exd5 Bxd5 33. f4 f5
34. Ka1 Bd8 35. Rh2 Bf6 36. Ka2 Bg7 37. Ka1 Rh7 38. Ka2 Bh6 39. Rh4 Rg7 40. Rh2
Rg4 41. Rh3 Kg7 42. Nf3 f6 43. Nh2 Rg2 44. Ng3 Bxf4 45. h6+ Kh8 46. Nhf1 Bc1
47. Kb1 Bg5 48. Ka2 f4 49. Nh5 Rf2 50. Nh2 Bg2 51. Ng4 Rxb2+ 52. Kxb2 Bxh3 53.
Ngxf6 Bxh6 54. Kc2 f3 55. Ng3 f2 56. Nfe4 f1=Q 57. Nxf1 Bxf1 58. Nc5 Bf8 59.
Nxe6 Bxa3 60. Nc7 a5 61. Nb5 Bc5 62. Kb2 Kg7 63. Nc7 Kf7 64. Kc2 Ke7 65. Nd5+
Kd6 66. Nf6 Bd3+ 67. Kd2 Kc6 68. Ng4 Bd6 69. Nf2 Bf4+ 70. Kd1 Kc5 71. Ke1 0-1

[Event "II. Budapest Open"]
[Site ", "]
[Date "2012.08.20"]
[Round "3"]
[White "Szalai, Krisztian"]
[Black "Mihajlova, Diana"]
[Result "1-0"]
[WhiteElo "1710"]
[BlackElo "1482"]
[PlyCount "91"]
[EventDate "2012.??.??"]

1. e4 d5 2. exd5 Nf6 3. Bb5+ Nbd7 4. Nc3 a6 5. Ba4 b5 6. Bb3 Nc5 7. d4 Bg4 8.
Nf3 Nxb3 9. axb3 b4 10. Na4 Qxd5 11. h3 Bxf3 12. Qxf3 Qxf3 13. gxf3 e6 14. Rg1
Nh5 15. Rg5 g6 16. Ra5 Bd6 17. Nc5 Bxc5 18. Rxc5 O-O 19. Rxc7 Nf6 20. Bd2 Nd5
21. Rc5 Rfd8 22. Ke2 Rd7 23. c4 bxc3 24. bxc3 Rda7 25. b4 Nb6 26. Kd3 Nd7 27.
Rca5 Nb8 28. b5 Rd7 29. Bf4 Rd5 30. c4 Rh5 31. Bxb8 Rxb8 32. Rxa6 Rxh3 33. Ra8
Rxf3+ 34. Ke2 Rf4 35. Rxb8+ Kg7 36. Ke3 e5 37. Rd1 h5 38. c5 f5 39. dxe5 Re4+
40. Kf3 Rxe5 41. c6 Rc5 42. Rd7+ Kf6 43. c7 Rc3+ 44. Kg2 Ke6 45. c8=Q Rxc8 46.
Rxc8 1-0